000 00258nam a2200109Ia 4500
008 200302s9999 xx 000 0 und d
100 _aPercival Spear
245 _aA History of India Vol 2
260 _bPenguin Group Ltd.
260 _c2001
300 _a298 P.,
999 _c5476
_d5476